|
|
|
|
| LEADER |
00000nam0a2200000 4500 |
| 001 |
301492 |
| 005 |
20231102001416.0 |
| 035 |
|
|
|a (RuTPU)RU\TPU\book\326664
|
| 035 |
|
|
|a RU\TPU\book\306265
|
| 090 |
|
|
|a 301492
|
| 100 |
|
|
|a 20150731d1982 k y0rusy5003 ca
|
| 101 |
0 |
|
|a rus
|
| 102 |
|
|
|a RU
|
| 105 |
|
|
|a a z 001zy
|
| 200 |
1 |
|
|a Элементы приемно-усилительных устройств
|e межвузовский тематический научный сборник
|f Таганрогский радиотехнический институт (ТРТИ)
|h Вып. 1
|
| 210 |
|
|
|a Таганрог
|c [Б. и.]
|d 1982
|
| 215 |
|
|
|a 156 с.
|c ил.
|
| 320 |
|
|
|a Библиография в конце статей
|
| 606 |
1 |
|
|a Приемно-усилительные устройства
|2 stltpush
|3 (RuTPU)RU\TPU\subj\51664
|9 70237
|
| 610 |
1 |
|
|a прием
|
| 610 |
1 |
|
|a сигналы
|
| 610 |
1 |
|
|a СВЧ-устройства
|
| 610 |
1 |
|
|a фазовая синхронизация
|
| 610 |
1 |
|
|a сложные сигналы
|
| 610 |
1 |
|
|a помехоустойчивость
|
| 675 |
|
|
|a 621.375
|z rus
|v 4
|
| 712 |
0 |
2 |
|a Таганрогский радиотехнический институт (ТРТИ)
|c (1952-1993)
|2 stltpush
|3 (RuTPU)RU\TPU\col\12259
|
| 801 |
|
0 |
|a RU
|b RuMRKP
|c 19950704
|g psbo
|
| 801 |
|
1 |
|a RU
|b 63413507
|c 20150130
|
| 801 |
|
2 |
|a RU
|b 63413507
|c 20190531
|g RCR
|
| 942 |
|
|
|c BK
|